000 00978nam a2200325 a 4500
003 AR-BaBNM
005 20251128205107.0
008 082120s2002 ||||||||||||||000 | spa||
020 _a968-16-0776-7
040 _cAR-BaBNM
100 1 _aBraudel, Fernand
245 0 0 _aEl Mediterráneo y el mundo mediterráneo en la época de Felipe II
_n2
250 _a2ª ed.
260 _aMéxico, D.F.
_bFondo de Cultura Económica
_c1992
300 _a944 p.
_bgráfs., il., mapas
490 0 _aSección de obras de historia
504 _aContiene bibliografía y fuentes: p. 799-873
650 4 _aHISTORIA POLITICA
650 4 _aHISTORIA EUROPEA
650 4 _aHISTORIA ECONOMICA
650 4 _aSIGLO DIECISEIS
650 4 _aSIGLO DIECISIETE
651 4 _aMar Mediterráneo
651 4 _aEspaña
700 1 _aMonteforte Toledo, Mario
_etraductor
700 1 _aRoces, Wenceslao
_etraductor
700 1 _aSimón, Vicente
_etraductor
942 _cBK
998 _cEnrique
999 _c9965
_d9965